00740nam a22001817a 4500003000400000008004100004020001800045082002200063100002500085245008500110260003700195300001600232650009900248700002400347942001200371999001700383952015800400OSt260629b |||||||| |||| 00| 0 eng d a9781439869512 a519.5360285bM81A aMoodie, Patricia F.  aApplied Regression and ANOVA Using SAS/ by Patricia F. Moodie, Dallas E. Johnson aBoca Raton : bCRC Pressc2021. axxi, 405 p. aNatural sciences & mathematics | Probabilities & applied mathematics | Mathematical statistics aJohnson, Dallas E.  2ddccBK c52427d52427 00102ddc4070aRAUbRAUcGENd2026-06-29eToday & Tomorrow Printers and Publishersg11199.00l0p87596r2026-06-29w2026-01-29yBKk Bill No. IN-00449